00952nam a2200313Ia 4500001000900000003000500009005001700014008004100031010001100072020001800083040000900101082002800110100002800138245013300166250001100299260003300310300001100343440002700354500004900381503000700430504003100437650004000468650001400508650001300522650001200535650003500547650002300582700003300605dia_2916CHAP20251023162835.0220117s2009 xx 000 0 und d a177425 a968-6642-0201 cCHAP a808.849355 T66 A94 2009 aTolley, William Pearson aLa aventura de aprender : la educación es un vuelo solitario /c William Pearson Tolley ; traducción Carlos García Ferrer a6a ed. aMéxico :b Gernika,c2009 a130 p. aCiencias sociales ; 10 aTítulo original: The adventure of learning aC. aBibliografía: p. 127-130 0aAmerican literaturey20th century  aEducation aEnsayo  aEssay  0aLiteratura americanaySiglo XX aPsicopedagogía  aGarcía Ferrer, Carlos, tr.